Missing Word: 25 Most Popular Sporcle Quizzes Stats

 Plays Quiz Updated Oct 3, 2016

Challenge
Share
Tweet
Embed
Score 0/25 Timer 02:00
0 Plays Today
Quiz Missing Word % Correct
___ of EuropeCountries
95.3%
US ___States
94.8%
Countries of the ___World
91.4%
___ PresidentsUS
90.8%
3 ___ Body PartsLetter
90.1%
Countries of ___ AmericaNorth
87%
Countries of ___ AmericaSouth
86.8%
Commonest English ___Words
83.8%
Countries of ___Asia
77.8%
Countries of ___Africa
77.1%
___ LogosCorporate
61.1%
___ TeamsNFL
61.1%
Typing ___Challenge
60%
Quiz Missing Word % Correct
1-___100
48.9%
US ___Capitals
42.7%
___ a BlankDrawing
31.4%
Countries of the World (___)Redux
28.9%
___ TablePeriodic
28.6%
151 Original ___Pokémon
27.9%
Find the US States - No ___ MinefieldOutlines
24.3%
Clickable 1-100 ___Mines
21.4%
___ BunkerGeography
21.4%
Harry Potter Top ___200
15.6%
Harry Potter ___Bunker
12.9%
Country ___ Logic PuzzleTrivia
6.8%

Today's Daily Dose

Missing Word
Biopics

Word Ladder
Food Idioms

Quick Pick
Diets

On This Day
December 18th II

You're not logged in!

Compare scores with friends on all Sporcle quizzes.
OR
Log In

You Might Also Like...

Show Comments

Extras

Top Quizzes Today


Score Distribution

Your Account Isn't Verified!

In order to create a playlist on Sporcle, you need to verify the email address you used during registration. Go to your Sporcle Settings to finish the process.

Report this User

Report this user for behavior that violates our Community Guidelines.

Details: